| 000 | 00815nam a2200229 a 4500 | ||
|---|---|---|---|
| 001 | 000017257 | ||
| 005 | 20240412074246.0 | ||
| 008 | 100322s1972 dr r 000 p spa d | ||
| 040 |
_aDO-SdBNP _bspa _cBNPHU |
||
| 082 |
_aRD861.44 _bM492p |
||
| 100 | 1 |
_aMedrano Marte, Rómulo, _d1936- _925705 |
|
| 245 | 1 | 0 |
_aPor el camino de los tedios / _cRómulo Medrano Marte ; prólogo Héctor amarante. |
| 260 |
_aSanto Domingo : _bUASD, _c1972. |
||
| 300 |
_a33 p. ; _c21 cm. |
||
| 500 | _aIncluye datos biográficos del autor en la contracubierta. | ||
| 590 | _aInventariado, 2018/BT | ||
| 650 | 0 |
_aPoesía dominicana _966 |
|
| 650 | 0 |
_aLiteratura dominicana. _967 |
|
| 700 | 1 | 2 |
_aAmarante, Héctor, _epról. _922989 |
| 710 | 1 |
_aUniversidad Autónoma de Santo Domingo _972951 |
|
| 910 | _aValidado. Control de calidad. MFF | ||
| 999 |
_c16782 _d16782 |
||